[Event "Titled Tuesday intern op 25th Jul Early"]
[Site "Chess.com INT"]
[Date "2023.07.25"]
[Round "9"]
[White "Chor, Kevin"]
[Black "Ramirez, Vido Robert"]
[Result "1-0"]
[WhiteElo "1944"]
[BlackElo "2015"]
[PlyCount "73"]
[EventDate "2023.07.25"]
[EventType "swiss (blitz)"]
[EventRounds "11"]
[EventCountry "USA"]
[SourceTitle "EXT 2024"]
[Source "ChessBase"]
[SourceDate "2023.10.10"]
[SourceVersion "1"]
[SourceVersionDate "2023.10.10"]
[SourceQuality "1"]

1. e4 d6 2. d4 Nf6 3. Nc3 g6 4. f4 Bg7 5. Nf3 c5 6. dxc5 Qa5 7. Bd2 Qxc5 8. Qe2 0-0 9. 0-0-0 Nc6 10. Kb1 Bg4 11. Be3 Qa5 12. h3 Be6 13. a3 Nh5 14. Qd2 Bxc3 15. Qxc3 Qxc3 16. bxc3 Ng3 17. Rg1 Nxe4 18. Kb2 Na5 19. Rd4 f5 20. Bd3 Nc6 21. Bxe4 fxe4 22. Rxe4 Bd5 23. Ra4 b5 24. Ra6 Rfc8 25. Rd1 Bc4 26. Nd2 Bd5 27. Nf3 Bc4 28. Nd2 Bd5 29. g4 Bg2 30. h4 Bh3 31. Rg1 h5 32. gxh5 Bf5 33. Nb3 Kf7 34. hxg6+ Bxg6 35. Nd4 Nxd4 36. Bxd4 b4 37. axb4 1-0

[Event "Titled Tuesday intern op 25th Jul Early"]
[Site "Chess.com INT"]
[Date "2023.07.25"]
[Round "3"]
[White "Ramirez, Vido Robert"]
[Black "Floresvillar Gonzalez, Luis Miguel"]
[Result "1-0"]
[WhiteElo "2015"]
[BlackElo "2019"]
[PlyCount "59"]
[EventDate "2023.07.25"]
[EventType "swiss (blitz)"]
[EventRounds "11"]
[EventCountry "USA"]
[SourceTitle "EXT 2024"]
[Source "ChessBase"]
[SourceDate "2023.10.10"]
[SourceVersion "1"]
[SourceVersionDate "2023.10.10"]
[SourceQuality "1"]

1. Nf3 d5 2. g3 c6 3. Bg2 Bg4 4. 0-0 h5 5. c4 e6 6. Qa4 Nd7 7. Nc3 Ngf6 8. cxd5 cxd5 9. Ne5 Bd6 10. Nxd7 Qxd7 11. Qxd7+ Kxd7 12. d3 a6 13. h3 Bf5 14. e4 d4 15. Ne2 Bg6 16. Nxd4 Be5 17. Be3 Rac8 18. f4 Bxd4 19. Bxd4 Rc2 20. Rf2 Rhc8 21. Bc3 R8xc3 22. bxc3 Rxc3 23. Rb1 Rxd3 24. Rxb7+ Kc8 25. e5 Rxg3 26. exf6 gxf6 27. Rb3 h4 28. Rxg3 hxg3 29. Rf3 Bb1 30. a3 1-0

[Event "Titled Tuesday intern op 20th Jun Early"]
[Site "Chess.com INT"]
[Date "2023.06.20"]
[Round "4"]
[White "Ramirez, Vido Robert"]
[Black "Fonseca Manrique, Enrique"]
[Result "1-0"]
[WhiteElo "2015"]
[BlackElo "2169"]
[PlyCount "59"]
[EventDate "2023.06.20"]
[EventType "swiss (blitz)"]
[EventRounds "11"]
[EventCountry "USA"]
[SourceTitle "EXT 2024"]
[Source "ChessBase"]
[SourceDate "2023.10.10"]
[SourceVersion "1"]
[SourceVersionDate "2023.10.10"]
[SourceQuality "1"]

1. Nf3 Nf6 2. g3 g6 3. Bg2 Bg7 4. 0-0 0-0 5. d4 c5 6. dxc5 Qa5 7. Be3 Ng4 8. Bd4 Nc6 9. Bxg7 Kxg7 10. Qd5 d6 11. Nd4 Nb4 12. Nb3 Nxd5 13. Nxa5 Nb4 14. Na3 dxc5 15. Nxb7 Rb8 16. Nxc5 Bf5 17. e4 Rfc8 18. Nb3 Be6 19. Nd4 Bd7 20. b3 e5 21. Nf3 Nxc2 22. Nxc2 Rxc2 23. h3 Nf6 24. Nxe5 Bb5 25. Rfc1 Rbc8 26. Nc4 Re2 27. Nd6 Rxc1+ 28. Rxc1 Ba6 29. Rc7 Rd2 30. Rxf7+ 1-0

[Event "Titled Tuesday intern op 20th Jun Early"]
[Site "Chess.com INT"]
[Date "2023.06.20"]
[Round "8"]
[White "Ramirez, Vido Robert"]
[Black "Thiel, Thomas"]
[Result "1-0"]
[WhiteElo "2015"]
[BlackElo "2215"]
[PlyCount "81"]
[EventDate "2023.06.20"]
[EventType "swiss (blitz)"]
[EventRounds "11"]
[EventCountry "USA"]
[SourceTitle "EXT 2024"]
[Source "ChessBase"]
[SourceDate "2023.10.10"]
[SourceVersion "1"]
[SourceVersionDate "2023.10.10"]
[SourceQuality "1"]

1. e4 d5 2. Nf3 dxe4 3. Ng5 Nf6 4. Bc4 e6 5. Nc3 Nc6 6. Ngxe4 Nxe4 7. Nxe4 Be7 8. 0-0 0-0 9. c3 b6 10. d4 Bb7 11. Bd3 e5 12. d5 Nb8 13. c4 f5 14. Nc3 Nd7 15. Bd2 Bd6 16. Nb5 e4 17. Nxd6 cxd6 18. Bc2 Ne5 19. b3 b5 20. Bc3 bxc4 21. Bxe5 dxe5 22. bxc4 Qd6 23. Bb3 a5 24. Rc1 Qc5 25. Qd2 a4 26. Bd1 a3 27. Bb3 Rfc8 28. Qg5 Rf8 29. Rfd1 f4 30. Qxe5 Rae8 31. Qd4 Qxd4 32. Rxd4 e3 33. fxe3 fxe3 34. c5 e2 35. d6+ Kh8 36. Re1 Ba6 37. Bc4 Bxc4 38. Rxc4 Re6 39. d7 Ref6 40. Rcc1 R6f7 41. c6 1-0

[Event "Titled Tuesday intern op 13th Jun Early"]
[Site "Chess.com INT"]
[Date "2023.06.13"]
[Round "7"]
[White "Ramirez, Vido Robert"]
[Black "De Souza, Cristiano Gomes"]
[Result "1/2-1/2"]
[WhiteElo "2015"]
[BlackElo "2018"]
[PlyCount "194"]
[EventDate "2023.06.13"]
[EventType "swiss (blitz)"]
[EventRounds "11"]
[EventCountry "USA"]
[SourceTitle "EXT 2024"]
[Source "ChessBase"]
[SourceDate "2023.10.10"]
[SourceVersion "1"]
[SourceVersionDate "2023.10.10"]
[SourceQuality "1"]

1. e4 c5 2. Nf3 d6 3. d3 Nc6 4. g3 g6 5. Bg2 Bg7 6. 0-0 Nf6 7. Re1 0-0 8. c3 Bd7 9. d4 cxd4 10. cxd4 Qc8 11. Nc3 Bh3 12. Bh1 h6 13. e5 dxe5 14. dxe5 Ng4 15. e6 fxe6 16. Qb3 Nd4 17. Nxd4 Bxd4 18. Be3 Bxe3 19. fxe3 Qc5 20. Qxe6+ Kh7 21. Ne4 Rf1+ 22. Rxf1 Qxe3+ 23. Rf2 Nxf2 24. Qf7+ Kh8 25. Nxf2 Bf5 26. Qb3 Qc5 27. Qc3+ Qxc3 28. bxc3 Rd8 29. Rc1 Rd2 30. a4 b6 31. c4 Kg7 32. Bf3 Ra2 33. Bc6 Bc2 34. Kg2 Bxa4 35. Bxa4 Rxa4 36. Ne4 b5 37. Nd2 Ra2 38. Rd1 bxc4 39. Kf3 c3 40. Nb3 Rxh2 41. Rc1 c2 42. Nd4 Kf6 43. Nxc2 e5 44. Ne3 h5 45. Rc6+ Kg5 46. Ra6 h4 47. gxh4+ Kxh4 48. Ke4 Kg5 49. Rxa7 Rh4+ 50. Kf3 Rf4+ 51. Kg3 Rb4 52. Ra5 Rb3 53. Rxe5+ Kf6 54. Re8 Kf7 55. Re4 Kf6 56. Kf2 Rb2+ 57. Kf3 g5 58. Rg4 Rb3 59. Rc4 Rb6 60. Ke4 Re6+ 61. Kf3 Kg6 62. Ng4 Ra6 63. Rc5 Ra3+ 64. Ne3 Ra6 65. Kg4 Ra4+ 66. Nc4 Ra6 67. Ne5+ Kf6 68. Nd7+ Ke6 69. Nf8+ Kf6 70. Rf5+ Kg7 71. Nd7 Rd6 72. Ne5 Rd4+ 73. Kxg5 Rd1 74. Rf7+ Kg8 75. Rb7 Rf1 76. Kg6 Kf8 77. Kg5 Rf2 78. Ng6+ Kg8 79. Nf4 Rf1 80. Kf5 Ra1 81. Rc7 Ra5+ 82. Kg6 Ra6+ 83. Kg5 Ra5+ 84. Kf6 Ra6+ 85. Ne6 Ra1 86. Rg7+ Kh8 87. Rg2 Rf1+ 88. Kg6 Ra1 89. Rh2+ Kg8 90. Kf6 Rf1+ 91. Kg6 Rg1+ 92. Ng5 Ra1 93. Nh7 Rg1+ 94. Kf6 Rf1+ 95. Ke7 Rf7+ 96. Ke8 Rxh7 97. Rxh7 Kxh7 1/2-1/2

[Event "Titled Tuesday intern op 13th Jun Early"]
[Site "Chess.com INT"]
[Date "2023.06.13"]
[Round "5"]
[White "Ramirez, Vido Robert"]
[Black "Diaz Garcia, Lianet"]
[Result "0-1"]
[WhiteElo "2015"]
[BlackElo "1999"]
[PlyCount "80"]
[EventDate "2023.06.13"]
[EventType "swiss (blitz)"]
[EventRounds "11"]
[EventCountry "USA"]
[SourceTitle "EXT 2024"]
[Source "ChessBase"]
[SourceDate "2023.10.10"]
[SourceVersion "1"]
[SourceVersionDate "2023.10.10"]
[SourceQuality "1"]

1. f4 d5 2. Nf3 Nf6 3. g3 c6 4. Bg2 g6 5. d3 Bg7 6. 0-0 0-0 7. Qe1 Bg4 8. Ne5 Nbd7 9. Nxg4 Nxg4 10. h3 Qb6+ 11. e3 Bxb2 12. Bxb2 Qxb2 13. Nd2 Ngf6 14. c4 e6 15. Qe2 b6 16. a4 Qb4 17. a5 Qd6 18. g4 Nc5 19. g5 Nfd7 20. d4 Nb7 21. a6 Nd8 22. Nf3 Rc8 23. Nh2 f5 24. h4 Nf7 25. h5 Rfd8 26. Nf3 Kf8 27. Nh4 Kg7 28. Kf2 c5 29. Rh1 cxd4 30. hxg6 hxg6 31. Nxg6 Kxg6 32. Qh5+ Kg7 33. g6 Rh8 34. Qf3 Nh6 35. Rh5 Ng4+ 36. Kg3 Rxh5 37. Bh3 Rch8 38. Bg2 Rh2 39. Rc1 dxe3 40. cxd5 exd5 0-1

[Event "Titled Tuesday intern op 13th Jun Early"]
[Site "Chess.com INT"]
[Date "2023.06.13"]
[Round "1"]
[White "Ramirez, Vido Robert"]
[Black "Papasimakopoulos, Alexandros"]
[Result "0-1"]
[WhiteElo "2015"]
[BlackElo "2401"]
[PlyCount "90"]
[EventDate "2023.06.13"]
[EventType "swiss (blitz)"]
[EventRounds "11"]
[EventCountry "USA"]
[SourceTitle "EXT 2024"]
[Source "ChessBase"]
[SourceDate "2023.10.10"]
[SourceVersion "1"]
[SourceVersionDate "2023.10.10"]
[SourceQuality "1"]

1. f4 d5 2. Nf3 Nf6 3. g3 Bf5 4. Bg2 e6 5. d3 c5 6. 0-0 Nc6 7. Ne5 Nxe5 8. fxe5 Ng4 9. c4 Nxe5 10. cxd5 Be7 11. Qa4+ Qd7 12. Qxd7+ Kxd7 13. dxe6+ Bxe6 14. Bxb7 Rab8 15. Bg2 Bf6 16. Nc3 Rhc8 17. Ne4 Be7 18. Bf4 f6 19. Bxe5 fxe5 20. b3 a5 21. Rab1 Rb4 22. Rfc1 h6 23. Nc3 Bg5 24. Rc2 Be3+ 25. Kh1 Rcb8 26. Bd5 a4 27. Bxe6+ Kxe6 28. Ne4 axb3 29. Rxb3 Rxb3 30. axb3 Kd5 31. Nc3+ Kc6 32. Nd1 Bg5 33. h4 Bf6 34. Rb2 e4 35. Rb1 exd3 36. exd3 Rd8 37. Nf2 Bd4 38. Ne4 Be3 39. Rd1 Rb8 40. Re1 Bd4 41. Rb1 Kd5 42. Kg2 Ra8 43. b4 c4 44. Nd2 c3 45. Ne4 Ra2+ 0-1

[Event "Titled Tuesday intern op 06th Jun Early"]
[Site "Chess.com INT"]
[Date "2023.06.06"]
[Round "5"]
[White "Ramirez, Vido Robert"]
[Black "Bodnaruk, Anastasia"]
[Result "1-0"]
[WhiteElo "2015"]
[BlackElo "2356"]
[PlyCount "261"]
[EventDate "2023.06.06"]
[EventType "swiss (blitz)"]
[EventRounds "11"]
[EventCountry "USA"]
[SourceTitle "EXT 2024"]
[Source "ChessBase"]
[SourceDate "2023.10.10"]
[SourceVersion "1"]
[SourceVersionDate "2023.10.10"]
[SourceQuality "1"]

1. f4 d5 2. Nf3 c5 3. g3 Nc6 4. Bg2 g6 5. d3 Bg7 6. 0-0 Nf6 7. Qe1 0-0 8. e4 e6 9. c3 b5 10. Na3 Rb8 11. Nc2 b4 12. e5 Ne8 13. Be3 Qe7 14. Qf2 d4 15. cxd4 Ba6 16. d5 exd5 17. Bxc5 Qb7 18. Bxf8 Bxf8 19. Rfd1 Nc7 20. d4 Ne6 21. Ne3 Ne7 22. Ng5 Rd8 23. Rac1 Qb6 24. Nxe6 fxe6 25. Ng4 Bg7 26. Bh3 Nf5 27. Rd2 b3 28. a3 Bc4 29. Ne3 Nxd4 30. Rxd4 Qxd4 31. Bxe6+ Kh8 32. Nxc4 dxc4 33. Qxd4 Rxd4 34. Rxc4 Rd1+ 35. Kf2 h5 36. Ke3 Rb1 37. Rc8+ Kh7 38. Bxb3 Rxb2 39. Bg8+ Kh6 40. Rc6 Rxh2 41. Bf7 Rg2 42. Rxg6+ Kh7 43. Kf3 Rg1 44. Rg5 Rf1+ 45. Kg2 Ra1 46. Rxh5+ Bh6 47. Rh1 Rxa3 48. f5 a5 49. g4 Kg7 50. e6 Bg5 51. Rh5 Bf6 52. Rh1 Ra2+ 53. Kf3 Ra3+ 54. Ke4 Ra2 55. Rb1 Re2+ 56. Kf3 Re5 57. Rb8 a4 58. Rg8+ Kh7 59. Rg6 Be7 60. Bg8+ Kh8 61. Bf7 Bc5 62. Rg8+ Kh7 63. Ra8 a3 64. Bg6+ Kg7 65. Kf4 Re1 66. Rc8 Bd6+ 67. Kg5 Be7+ 68. Kf4 a2 69. Ra8 a1Q 70. Rxa1 Rxa1 71. g5 Ra4+ 72. Ke5 Bxg5 73. Be8 Bf6+ 74. Kd5 Rd4+ 75. Kc5 Rf4 76. Bg6 Be7+ 77. Kd5 Kf6 78. Kc6 Rd4 79. Kc7 Rd8 80. Kc6 Ke5 81. Kc7 Rd6 82. Kc8 Kd5 83. Be8 Kc5 84. Kc7 Rd8 85. Bd7 Rf8 86. Kb7 Rxf5 87. Kc7 Bd6+ 88. Kd8 Re5 89. Ke8 Re3 90. Kf7 Kb6 91. Kf6 Kc7 92. Kf7 Kd8 93. Kf6 Be7+ 94. Kf5 Rf3+ 95. Ke4 Rh3 96. Kd5 Kc7 97. Ke5 Rh5+ 98. Ke4 Kd6 99. Kf4 Bf6 100. Kg4 Rg5+ 101. Kf4 Ra5 102. Ke4 Rh5 103. Kf4 Ke7 104. Kg4 Rg5+ 105. Kf4 Rg1 106. Ke4 Bg7 107. Kf5 Rf1+ 108. Ke4 Bf6 109. Kd5 Rf5+ 110. Ke4 Rc5 111. Kf4 Kd6 112. Ke4 Ra5 113. Kf4 Be7 114. Ke4 Re5+ 115. Kf4 Bf6 116. Kf3 Kd5 117. Kf4 Kd4 118. Kf3 Re4 119. Kg3 Ke3 120. Kg2 Bg5 121. Kg3 Bf6 122. Kg2 Kf4 123. Kf2 Bh4+ 124. Kg2 Re2+ 125. Kf1 Re1+ 126. Kg2 Rd1 127. Kh3 Bg3 128. Kg2 Rd2+ 129. Kf1 Rc2 130. e7 Kf3 131. Bc6+ 1-0

[Event "Titled Tuesday intern op 23rd May Early"]
[Site "Chess.com INT"]
[Date "2023.05.23"]
[Round "7"]
[White "Lewicki, Miroslaw"]
[Black "Ramirez, Vido Robert"]
[Result "1-0"]
[WhiteElo "2359"]
[BlackElo "2015"]
[PlyCount "49"]
[EventDate "2023.05.23"]
[EventType "swiss (blitz)"]
[EventRounds "11"]
[EventCountry "USA"]
[SourceTitle "CBM 214 Extra"]
[Source "ChessBase"]
[SourceDate "2023.07.31"]
[SourceVersion "1"]
[SourceVersionDate "2023.07.31"]
[SourceQuality "1"]

1. b3 Nf6 2. Bb2 g6 3. g3 Bg7 4. Bg2 0-0 5. Nf3 d6 6. 0-0 Nc6 7. d4 e5 8. d5 Ne7 9. c4 Nh5 10. e4 f5 11. Nbd2 f4 12. Ng5 Nxd5 13. Nxh7 Kxh7 14. cxd5 Bh6 15. g4 Qg5 16. gxh5 Bh3 17. Qf3 Bg4 18. h4 Qxh4 19. Qd3 f3 20. Nxf3 Bxf3 21. Bxf3 Bf4 22. Rfc1 Bh2+ 23. Kf1 Rf4 24. Rxc7+ Kh6 25. Bc1 1-0

[Event "Titled Tuesday intern op 23rd May Early"]
[Site "Chess.com INT"]
[Date "2023.05.23"]
[Round "9"]
[White "Prieto Aranguren, Alain"]
[Black "Ramirez, Vido Robert"]
[Result "0-1"]
[WhiteElo "2258"]
[BlackElo "2015"]
[PlyCount "50"]
[EventDate "2023.05.23"]
[EventType "swiss (blitz)"]
[EventRounds "11"]
[EventCountry "USA"]
[SourceTitle "CBM 214 Extra"]
[Source "ChessBase"]
[SourceDate "2023.07.31"]
[SourceVersion "1"]
[SourceVersionDate "2023.07.31"]
[SourceQuality "1"]

1. e4 d6 2. f4 Nf6 3. Bd3 e5 4. fxe5 dxe5 5. Nf3 Nc6 6. 0-0 Bc5+ 7. Kh1 Bg4 8. Nc3 h5 9. Na4 Bd4 10. Qe1 h4 11. Nxd4 Qxd4 12. Nc3 h3 13. g3 0-0-0 14. Be2 Qc5 15. d3 Nd4 16. Bxg4+ Nxg4 17. Qd1 Nf6 18. Bg5 Rd6 19. Rc1 c6 20. Bxf6 Rxf6 21. Rxf6 gxf6 22. Ne2 Nf3 23. Qf1 Qe3 24. Ng1 Nxg1 25. Qxg1 Qf3+ 0-1

[Event "Titled Tuesday intern op 23rd May Early"]
[Site "Chess.com INT"]
[Date "2023.05.23"]
[Round "11"]
[White "Ramirez, Vido Robert"]
[Black "Kuchava, Ana"]
[Result "1/2-1/2"]
[WhiteElo "2015"]
[BlackElo "2101"]
[PlyCount "115"]
[EventDate "2023.05.23"]
[EventType "swiss (blitz)"]
[EventRounds "11"]
[EventCountry "USA"]
[SourceTitle "CBM 214 Extra"]
[Source "ChessBase"]
[SourceDate "2023.07.31"]
[SourceVersion "1"]
[SourceVersionDate "2023.07.31"]
[SourceQuality "1"]

1. f4 d5 2. Nf3 c5 3. g3 Nc6 4. Bg2 Nf6 5. d3 Bg4 6. 0-0 Bxf3 7. Bxf3 e5 8. c3 Bd6 9. e4 d4 10. cxd4 Nxd4 11. Bg2 0-0 12. Nc3 h6 13. f5 Rc8 14. g4 Nh7 15. Nd5 c4 16. f6 g5 17. h4 Ne6 18. dxc4 Rxc4 19. Qd3 Rd4 20. Qe2 Nf4 21. Bxf4 exf4 22. hxg5 hxg5 23. Rad1 Bc5 24. Kh2 Nxf6 25. Rxd4 Bxd4 26. Rd1 Be5 27. Bf3 Nxd5 28. exd5 Qd6 29. Kg2 Kg7 30. Rh1 Rh8 31. Rxh8 Kxh8 32. Be4 Kg7 33. Qf3 Bxb2 34. Qh3 Qh6 35. Qb3 Qb6 36. Qh3 Qh6 37. Qb3 Qb6 38. Qxb6 axb6 39. Kf3 Kf6 40. Kf2 Ke5 41. Kf3 Ba3 42. d6 Bxd6 43. Bxb7 f5 44. gxf5 Kxf5 45. Bc8+ Ke5 46. Bg4 Be7 47. Bh5 Kf5 48. Bg4+ Kg6 49. Be6 Kf6 50. Bg4 Ke5 51. Bc8 Kd4 52. Bg4 Kc3 53. Be6 Kb2 54. Kg4 b5 55. Kf3 b4 56. Bb3 Kc3 57. Be6 Kd2 58. Bb3 1/2-1/2

[Event "Titled Tuesday intern op 09th May Early"]
[Site "Chess.com INT"]
[Date "2023.05.09"]
[Round "5"]
[White "Zhou, Qiyu"]
[Black "Ramirez, Vido Robert"]
[Result "0-1"]
[WhiteElo "2201"]
[BlackElo "2015"]
[PlyCount "44"]
[EventDate "2023.05.09"]
[EventType "swiss (blitz)"]
[EventRounds "11"]
[EventCountry "USA"]
[SourceTitle "CBM 214 Extra"]
[Source "ChessBase"]
[SourceDate "2023.07.31"]
[SourceVersion "1"]
[SourceVersionDate "2023.07.31"]
[SourceQuality "1"]

1. d4 g6 2. e4 d6 3. Be3 Nf6 4. f3 c6 5. Qd2 Nbd7 6. Nc3 b5 7. 0-0-0 Nb6 8. g4 b4 9. Nb1 a5 10. Bh6 Bxh6 11. Qxh6 Qc7 12. h4 Rg8 13. Nh3 c5 14. Ng5 cxd4 15. Rxd4 Be6 16. Nxh7 Nxh7 17. Qxh7 Rf8 18. Bb5+ Bd7 19. Bxd7+ Nxd7 20. h5 gxh5 21. gxh5 Rc8 22. Rd2 Qc5 0-1

[Event "Titled Tuesday intern op 02nd May Early"]
[Site "Chess.com INT"]
[Date "2023.05.02"]
[Round "4"]
[White "De Souza, Cristiano Gomes"]
[Black "Ramirez, Vido Robert"]
[Result "1-0"]
[WhiteElo "2018"]
[BlackElo "2015"]
[PlyCount "71"]
[EventDate "2023.05.02"]
[EventType "swiss (blitz)"]
[EventRounds "11"]
[EventCountry "USA"]
[SourceTitle "EXT 2024"]
[Source "ChessBase"]
[SourceDate "2023.10.10"]
[SourceVersion "1"]
[SourceVersionDate "2023.10.10"]
[SourceQuality "1"]

1. d4 g6 2. c4 Nf6 3. Nf3 Bg7 4. Nc3 0-0 5. e4 d6 6. Be2 Na6 7. 0-0 e5 8. Be3 Ng4 9. Bg5 Qe8 10. d5 f6 11. Bh4 f5 12. Nd2 Nf6 13. f3 f4 14. Rb1 h6 15. b4 g5 16. Bf2 h5 17. c5 g4 18. Nc4 g3 19. hxg3 fxg3 20. Bxg3 Qg6 21. Bf2 Bh3 22. Ne3 Bh6 23. Kh1 Bxe3 24. gxh3 Bxf2 25. Rxf2 Kh7 26. Rg2 Qh6 27. Bxa6 bxa6 28. Qc1 Qxc1+ 29. Rxc1 dxc5 30. bxc5 Nd7 31. Rcg1 Rf7 32. d6 Nxc5 33. dxc7 Rxc7 34. Nd5 Rf7 35. Rg5 Nd3 36. Rxh5# 1-0

[Event "Titled Tuesday intern op 02nd May Early"]
[Site "Chess.com INT"]
[Date "2023.05.02"]
[Round "3"]
[White "Ramirez, Vido Robert"]
[Black "Vila Dupla, Aurelio"]
[Result "1/2-1/2"]
[WhiteElo "2015"]
[BlackElo "2030"]
[PlyCount "93"]
[EventDate "2023.05.02"]
[EventType "swiss (blitz)"]
[EventRounds "11"]
[EventCountry "USA"]
[SourceTitle "EXT 2024"]
[Source "ChessBase"]
[SourceDate "2023.10.10"]
[SourceVersion "1"]
[SourceVersionDate "2023.10.10"]
[SourceQuality "1"]

1. f4 c5 2. Nf3 d6 3. g3 b6 4. Bg2 Bb7 5. d3 Nf6 6. 0-0 g6 7. e4 Bg7 8. c3 0-0 9. h3 c4 10. e5 dxe5 11. fxe5 Nfd7 12. d4 e6 13. Nbd2 b5 14. Qe2 Na6 15. Ne4 Bxe4 16. Qxe4 Nc7 17. Bg5 Qe8 18. Qc6 Rc8 19. Qd6 Nd5 20. Nd2 h6 21. Bxd5 hxg5 22. Bc6 Rd8 23. Bxb5 g4 24. h4 f6 25. exf6 Rxf6 26. Ne4 Rf5 27. Bxc4 Nf8 28. Qa6 Qd7 29. Nc5 Bxd4+ 30. cxd4 Qxd4+ 31. Kh1 Qxc5 32. Bxe6+ Nxe6 33. Qxe6+ Kg7 34. Rxf5 gxf5 35. Re1 Qd5+ 36. Qxd5 Rxd5 37. Re7+ Kf6 38. Rxa7 Rd1+ 39. Kg2 Rd2+ 40. Kf1 Rxb2 41. a4 Rb1+ 42. Kf2 Rb2+ 43. Ke3 Rb3+ 44. Kf2 Rb2+ 45. Ke3 Rb3+ 46. Ke2 Rb2+ 47. Ke3 1/2-1/2

[Event "Titled Tuesday intern op 18th Apr Early"]
[Site "Chess.com INT"]
[Date "2023.04.18"]
[Round "1"]
[White "Kamsky, Gata"]
[Black "Ramirez, Vido Robert"]
[Result "1/2-1/2"]
[WhiteElo "2665"]
[BlackElo "2015"]
[PlyCount "91"]
[EventDate "2023.04.18"]
[EventType "swiss (blitz)"]
[EventRounds "11"]
[EventCountry "USA"]
[SourceTitle "EXT 2024"]
[Source "ChessBase"]
[SourceDate "2023.10.10"]
[SourceVersion "1"]
[SourceVersionDate "2023.10.10"]
[SourceQuality "1"]

1. Nf3 Nf6 2. g3 g6 3. Bg2 Bg7 4. 0-0 0-0 5. d3 d6 6. c4 e5 7. Nc3 Nc6 8. Rb1 a5 9. a3 Nd4 10. b4 axb4 11. axb4 c6 12. b5 Bd7 13. bxc6 bxc6 14. Nd2 Qa5 15. Nce4 d5 16. Nxf6+ Bxf6 17. cxd5 cxd5 18. Nb3 Nxb3 19. Qxb3 Be6 20. Bh6 Rfc8 21. h4 Bg7 22. Bxg7 Kxg7 23. Rfc1 Rxc1+ 24. Rxc1 Qd2 25. Qc2 Qxc2 26. Rxc2 Ra1+ 27. Kh2 d4 28. Bf3 Ra2 29. Rc5 Kf6 30. g4 h6 31. g5+ hxg5 32. hxg5+ Kxg5 33. Rxe5+ Kf6 34. Rc5 g5 35. Kg3 g4 36. Bxg4 Bxg4 37. Kxg4 Rxe2 38. Rf5+ Ke6 39. Rf4 f6 40. Kf3 Ke5 41. Rxd4 Rxf2+ 42. Kxf2 Kxd4 43. Kf3 Kxd3 44. Kf4 Kd4 45. Kf5 Kd5 46. Kxf6 1/2-1/2

[Event "Titled Tuesday intern op 18th Apr Late"]
[Site "Chess.com INT"]
[Date "2023.04.18"]
[Round "4"]
[White "Ramirez, Vido Robert"]
[Black "Aqib, Javaid Butt"]
[Result "1-0"]
[WhiteElo "2015"]
[BlackElo "1759"]
[PlyCount "45"]
[EventDate "2023.04.18"]
[EventType "swiss (blitz)"]
[EventRounds "11"]
[EventCountry "USA"]
[SourceTitle "EXT 2024"]
[Source "ChessBase"]
[SourceDate "2023.10.10"]
[SourceVersion "1"]
[SourceVersionDate "2023.10.10"]
[SourceQuality "1"]

1. f4 d5 2. Nf3 c6 3. g3 Nf6 4. Bg2 g6 5. d3 Bg7 6. 0-0 0-0 7. Qe1 d4 8. a4 a5 9. Na3 Na6 10. Nc4 Nb4 11. Qd1 Nfd5 12. Bd2 Ne3 13. Bxe3 dxe3 14. c3 Nd5 15. Qc1 Re8 16. Nxe3 Qb6 17. d4 Nxe3 18. Qxe3 Qxb2 19. Ne5 Qc2 20. Rfb1 Bxe5 21. fxe5 Rb8 22. Be4 Qxb1+ 23. Rxb1 1-0

[Event "Titled Tuesday intern op 18th Apr Early"]
[Site "Chess.com INT"]
[Date "2023.04.18"]
[Round "4"]
[White "Ramirez, Vido Robert"]
[Black "Blanco Diez, David"]
[Result "1-0"]
[WhiteElo "2015"]
[BlackElo "2323"]
[PlyCount "67"]
[EventDate "2023.04.18"]
[EventType "swiss (blitz)"]
[EventRounds "11"]
[EventCountry "USA"]
[SourceTitle "EXT 2024"]
[Source "ChessBase"]
[SourceDate "2023.10.10"]
[SourceVersion "1"]
[SourceVersionDate "2023.10.10"]
[SourceQuality "1"]

1. f4 g6 2. Nf3 Bg7 3. g3 d5 4. Bg2 c5 5. d3 Nc6 6. 0-0 Nf6 7. Qe1 0-0 8. e4 dxe4 9. dxe4 e5 10. Nc3 Re8 11. fxe5 Ng4 12. Bg5 Qb6 13. Nd5 Qxb2 14. Nc7 Be6 15. Nxa8 Rxa8 16. h3 Ngxe5 17. Nxe5 Bxe5 18. Rb1 Qxc2 19. Rxb7 Nd4 20. Rf2 Qa4 21. Bf4 Bg7 22. e5 Rd8 23. Bg5 Rc8 24. Bf6 c4 25. Bxg7 Kxg7 26. Qc3 Qd1+ 27. Bf1 Bd5 28. Rd7 Nf3+ 29. Rxf3 Qxf3 30. Qxf3 Bxf3 31. e6 c3 32. Bd3 Kg8 33. e7 Re8 34. Rd8 1-0

[Event "Titled Tuesday intern op 18th Apr Early"]
[Site "Chess.com INT"]
[Date "2023.04.18"]
[Round "10"]
[White "Ramirez, Vido Robert"]
[Black "Lisjak, Zlatko"]
[Result "0-1"]
[WhiteElo "2015"]
[BlackElo "2207"]
[PlyCount "46"]
[EventDate "2023.04.18"]
[EventType "swiss (blitz)"]
[EventRounds "11"]
[EventCountry "USA"]
[SourceTitle "EXT 2024"]
[Source "ChessBase"]
[SourceDate "2023.10.10"]
[SourceVersion "1"]
[SourceVersionDate "2023.10.10"]
[SourceQuality "1"]

1. f4 e5 2. fxe5 d6 3. exd6 Bxd6 4. Nf3 g5 5. g3 g4 6. Nh4 Ne7 7. d4 Ng6 8. Nxg6 hxg6 9. Qd3 Bf5 10. e4 Be6 11. Bg2 Nc6 12. c3 Qe7 13. Qe2 Na5 14. e5 Bc4 15. Qe3 0-0-0 16. exd6 Qxd6 17. Nd2 Rde8 18. Ne4 Qb6 19. b3 Ba6 20. Bb2 Nxb3 21. axb3 Qxb3 22. Rb1 Qc2 23. Qc1 Qe2# 0-1

[Event "Titled Tuesday intern op 11th Apr Early"]
[Site "Chess.com INT"]
[Date "2023.04.11"]
[Round "3"]
[White "Ramirez, Vido Robert"]
[Black "Nagare, Kaivalya Sandip"]
[Result "1/2-1/2"]
[WhiteElo "2015"]
[BlackElo "2217"]
[PlyCount "126"]
[EventDate "2023.04.11"]
[EventType "swiss (blitz)"]
[EventRounds "11"]
[EventCountry "USA"]
[SourceTitle "CBM 213 Extra"]
[Source "ChessBase"]
[SourceDate "2023.05.31"]
[SourceVersion "1"]
[SourceVersionDate "2023.05.31"]
[SourceQuality "1"]

1. f4 d5 2. Nf3 Nf6 3. g3 c5 4. Bg2 Nc6 5. d3 e6 6. 0-0 Be7 7. e4 dxe4 8. dxe4 Qxd1 9. Rxd1 Nxe4 10. Ne5 f5 11. Nxc6 bxc6 12. Bxe4 fxe4 13. Nc3 Ba6 14. Nxe4 Be2 15. Re1 Bf3 16. Kf2 Bxe4 17. Rxe4 Kf7 18. Bd2 Rab8 19. Bc3 Bf6 20. Bxf6 gxf6 21. b3 Rhd8 22. Rae1 Rd6 23. Ra4 Rb7 24. Ra5 c4 25. Ra4 cxb3 26. axb3 c5 27. Ke3 Rbd7 28. Rea1 Kg6 29. Rxa7 Rd8 30. Re7 Rd2 31. Rxe6 Rxh2 32. Raa6 Rf8 33. g4 Rxc2 34. g5 Rc3+ 35. Ke4 Rxb3 36. Rxf6+ Rxf6 37. Rxf6+ Kg7 38. Rc6 Rc3 39. Kf5 Rc4 40. Rc7+ Kg8 41. Ke5 Ra4 42. Rxc5 Ra8 43. Rc6 Kg7 44. f5 Re8+ 45. Kf4 Ra8 46. Rc7+ Kg8 47. Kg4 Ra1 48. Rc8+ Kf7 49. Rc7+ Kg8 50. Rd7 Rg1+ 51. Kf4 Rf1+ 52. Ke5 Ra1 53. Re7 Ra5+ 54. Kf6 Ra6+ 55. Re6 Ra8 56. Rb6 Rf8+ 57. Ke6 Re8+ 58. Kf6 Rf8+ 59. Ke5 Re8+ 60. Re6 Ra8 61. Re7 Ra5+ 62. Kf4 Ra4+ 63. Ke5 Ra5+ 1/2-1/2